|
|
|
|
| LEADER |
00000nam0a2200000 4500 |
| 001 |
343662 |
| 005 |
20231102005601.0 |
| 010 |
|
|
|a 9785001010425
|
| 035 |
|
|
|a (RuTPU)RU\TPU\book\374087
|
| 090 |
|
|
|a 343662
|
| 100 |
|
|
|a 20191014d2019 km y0rusy50 ca
|
| 101 |
1 |
|
|a rus
|c eng
|
| 102 |
|
|
|a RU
|
| 105 |
|
|
|a a g 001zy
|
| 200 |
1 |
|
|a Наглядная физиология
|e [справочное издание]
|e пер. с англ.
|f С. Зильбернагль, А. Деспопулос
|
| 205 |
|
|
|a 2-е изд., перераб. и доп.
|
| 210 |
|
|
|a Москва
|c Лаборатория знаний
|d 2019
|
| 215 |
|
|
|a 424 с.
|c ил.
|
| 225 |
1 |
|
|a Наглядная медицина
|
| 320 |
|
|
|a Библиогр.: с. 418-419
|
| 330 |
|
|
|a В справочном издании в удобной, легкой для чтения форме изложены основы нормальной физиологии человека и показаны связи с патофизиологическими процессами. Книга построена как атлас, в котором на каждом развороте помещены иллюстрации и описания физиологических процессов с необходимыми терминами и понятиями. Несмотря на краткость изложения, даже трудные вопросы раскрыты детально и четко. Для студентов вузов медико-биологического профиля, студентов медицинских училищ, врачей различной специализации, научных сотрудников, а также всех, кто интересуется физиологическими функциями человеческого организма и их патологией.
|
| 606 |
1 |
|
|a Физиология
|2 stltpush
|3 (RuTPU)RU\TPU\subj\63782
|9 80720
|
| 610 |
1 |
|
|a клетки
|
| 610 |
1 |
|
|a нервы
|
| 610 |
1 |
|
|a мышцы
|
| 610 |
1 |
|
|a физическая работа
|
| 610 |
1 |
|
|a вегетативная нервная система
|
| 610 |
1 |
|
|a кровь
|
| 610 |
1 |
|
|a дыхание
|
| 610 |
1 |
|
|a кислотно-основной гомеостаз
|
| 610 |
1 |
|
|a почки
|
| 610 |
1 |
|
|a солевой баланс
|
| 610 |
1 |
|
|a водный баланс
|
| 610 |
1 |
|
|a сердечно-сосудистая система
|
| 610 |
1 |
|
|a тепловой баланс
|
| 610 |
1 |
|
|a терморегуляция
|
| 610 |
1 |
|
|a питание
|
| 610 |
1 |
|
|a пищеварение
|
| 610 |
1 |
|
|a гормоны
|
| 610 |
1 |
|
|a репродуктивная система
|
| 610 |
1 |
|
|a центральная нервная система
|
| 610 |
1 |
|
|a органы чувств
|
| 610 |
1 |
|
|a справочные издания
|
| 675 |
|
|
|a 612(035)
|v 4
|
| 700 |
|
1 |
|a Зильбернагль
|b С.
|g Стефан
|
| 701 |
|
1 |
|a Деспопулос
|b А.
|g Агамемнон
|
| 801 |
|
1 |
|a RU
|b 63413507
|c 20191014
|
| 801 |
|
2 |
|a RU
|b 63413507
|c 20191118
|g RCR
|
| 942 |
|
|
|c BK
|
| 959 |
|
|
|a 16/20191014
|d 2
|e 872,85
|f УФ:1
|f ЧЗТЛ:1
|